00722nam a22002057a 450000500170000001000150001702000260003203500140005803700190007203700090009108200170010010000240011724500490014126000340019027000640022430000210028894200310030999900190034095201570035920241224124428.0 aENG-142231 c999.00a9789393734778 aEN-125763 bExceller Books bDBAD a729.61450954 aGupta, Arun 975629 aThe Treasures of the Sun God/cby Arun Gupta aKolkatabExceller Booksc2024 aG1 Dream Apartment, Degree College Roadb Belgharia,Kolkata a471p. c21cm(pb) 2ddccENmGUPh729.6.450954 c207930d207930 001040708NFICaMPbMPd2024-12-24eDelivery of Books Divisiong999.00l0oGUP 729.6.450954pEN-125763r2024-12-24 00:00:00t1v999.00w2024-12-24yEN